|
|
|
|
| LEADER |
00000nbm0a2200000 4500 |
| 001 |
139232 |
| 005 |
20231101220803.0 |
| 035 |
|
|
|a (RuTPU)RU\TPU\book\150839
|
| 090 |
|
|
|a 139232
|
| 100 |
|
|
|a 20080604d1968 k y0rusy50 ca
|
| 101 |
0 |
|
|a rus
|
| 102 |
|
|
|a RU
|
| 105 |
|
|
|a a m 001zy
|
| 200 |
1 |
|
|a Некоторые физико-химические исследования по методу АПН и применение его для определения ультрамикроконцентраций сурьмы
|e Диссертация на соискание ученой степени кандидата химических наук
|f Л. Ф. Заичко
|g Томский политехнический институт (ТПИ) ; науч. рук. Л. Ф. Захаров
|
| 210 |
|
|
|a Томск
|d 1968
|
| 215 |
|
|
|a 156 л.
|c ил.
|
| 320 |
|
|
|a Библиогр.: с. 144 -156 (214 назв.)
|
| 606 |
1 |
|
|a Сурьма
|x Определение
|x (химия)
|2 stltpush
|3 (RuTPU)RU\TPU\subj\75305
|9 87151
|
| 606 |
1 |
|
|a Микропримеси
|x Определение
|2 stltpush
|3 (RuTPU)RU\TPU\subj\73411
|9 86435
|
| 610 |
1 |
|
|a физико-химические исследования
|
| 610 |
1 |
|
|a метод АПН
|
| 610 |
1 |
|
|a ультрамикроконцентрация
|
| 610 |
1 |
|
|a полярография
|
| 610 |
1 |
|
|a физико-химические исследования
|
| 610 |
1 |
|
|a вольтамперные кривые
|
| 610 |
1 |
|
|a электродные процессы
|
| 610 |
1 |
|
|a интерметаллические соединения
|
| 610 |
1 |
|
|a ртуть
|
| 610 |
1 |
|
|a растворимость
|
| 610 |
1 |
|
|a электролиз
|
| 610 |
1 |
|
|a олово
|
| 610 |
1 |
|
|a медь
|
| 610 |
1 |
|
|a висмут
|
| 610 |
1 |
|
|a амальгамы
|
| 610 |
1 |
|
|a экспериментальное изучение
|
| 610 |
1 |
|
|a диссертации
|
| 675 |
|
|
|a 543.064(04)
|v 3
|
| 675 |
|
|
|a 546.86(04)
|v 3
|
| 700 |
|
1 |
|a Заичко
|b Л. Ф.
|
| 702 |
|
1 |
|a Захаров
|b Л. Ф.
|4 727
|
| 712 |
0 |
2 |
|a Томский политехнический институт (ТПИ)
|c (1944-1991)
|2 stltpush
|3 (RuTPU)RU\TPU\col\1123
|
| 801 |
|
1 |
|a RU
|b 63413507
|c 20080604
|g PSBO
|
| 801 |
|
2 |
|a RU
|b 63413507
|c 20160406
|g RCR
|
| 942 |
|
|
|c BK
|